Nutrición animal (Record no. 101272)

MARC details
000 -LEADER
campo de control de longitud fija 00775nam a2200205 i 4500
001 - NÚMERO DE CONTROL
campo de control 101272
003 - IDENTIFICADOR DE NÚMERO DE CONTROL
campo de control ES-MaACL
005 - FECHA Y HORA DE LA ÚLTIMA TRANSACCIÓN
campo de control 20230906182848.0
007 - CAMPO FIJO DE DESCRIPCIÓN FÍSICA--INFORMACIÓN GENERAL
campo de control de longitud fija t|
008 - DATOS DE LONGITUD FIJA--INFORMACIÓN GENERAL
campo de control de longitud fija 051017s1947 mx ||||1| spa d
100 1# - ENTRADA PRINCIPAL--NOMBRE DE PERSONA
Nombre de persona Maynard, Leonard A.
9 (RLIN) 79387
245 10 - MENCIÓN DEL TÍTULO
Título Nutrición animal
Resto del título : fundamentos de la alimentación del ganado /
Mención de responsabilidad, etc. por Leonard A. Maynard; traducido al castellano por Juan de Adarraga.
260 ## - PUBLICACIÓN, DISTRIBUCIÓN, ETC.
Lugar de publicación, distribución, etc. México :
Nombre del editor, distribuidor, etc. Unión Tipográfica Editorial Hispano-Americana,
Fecha de publicación, distribución, etc. 1947.
300 ## - DESCRIPCIÓN FÍSICA
Extensión XIV, 449 p. :
Otras características físicas il. ;
Dimensiones 24 cm.
490 1# - MENCIÓN DE SERIE
Mención de serie Biblioteca técnica de agricultura y ganadería
700 1# - ENTRADA AGREGADA--NOMBRE PERSONAL
Nombre de persona Adarraga, Juan de.
9 (RLIN) 18416
830 0# - PUNTO DE ACCESO ADICIONAL DE SERIE-TÍTULO UNIFORME
Título uniforme Biblioteca técnica de agricultura y ganadería
9 (RLIN) 183889
852 ## - LOCALIZACIÓN
Ubicación ES-MaACL
Número de control de estantería C-5453
Sublocalización o colección R.25712
Holdings
Estatus retirado Estado de pérdida Estado de daño No para préstamo Biblioteca de origen Biblioteca actual Ubicación en estantería Fecha de adquisición Fuente de adquisición Total de préstamos Signatura topográfica completa Código de barras Visto por última vez Precio de reemplazo Tipo de ítem Koha
        Biblioteca del Ateneo de Madrid Biblioteca del Ateneo de Madrid Sala Palomar 17/01/2008     C-5453 1105730 23/02/2023 23/02/2023 Libro impreso